Accounting
Αποθηκεύτηκε σε:
| Άλλοι συγγραφείς: | , |
|---|---|
| Μορφή: | Βιβλίο |
| Γλώσσα: | English |
| Δημοσίευση: |
North Carolina :
Eno River ,
1985
|
| Σειρά: | Business administration reading lists and cource outlines
; 6 |
| Θέματα: | |
| Ετικέτες: |
Προσθήκη ετικέτας
Δεν υπάρχουν, Καταχωρήστε ετικέτα πρώτοι!
|
MARC
| LEADER | 00000cam a2200000 i 4500 | ||
|---|---|---|---|
| 001 | 1/1332 | ||
| 008 | 950710s1985 eng d | ||
| 020 | |a 0880241063 |q (τ. 6) | ||
| 035 | |l 10014401 | ||
| 040 | |a GR-MY-UA |b gre |e aacr | ||
| 041 | 0 | |a eng | |
| 082 | 0 | |a 657 | |
| 245 | 1 | 0 | |a Accounting / |c Compiled by James W. Dean and Richard Schwindt |
| 260 | |a North Carolina : |b Eno River , |c 1985 | ||
| 300 | |a 232 p. | ||
| 490 | 1 | |a Business administration reading lists and cource outlines |v ; 6 | |
| 650 | 0 | 0 | |a Accounting. |
| 650 | 0 | 0 | |a Business education |x Curricula. |
| 700 | 1 | |a Dean, James W., |c Jr., |d 1956- |4 edt | |
| 700 | 1 | |a Schwindt, Richard. |4 edt | |
| 830 | |||
| 909 | |a Λ |b 007409 | ||
| 922 | |a 1ΕΛΗ |b 198702 |c ΠΠ/825/11 |d GLORY | ||
| 970 | |z 2000/06/ΟΙΚΟΝΟΜΟΠΟΥΛΟΥ ΧΡΙΣΤΙΝΑ | ||